00818nam a2200253 i 4500003000900000005001700009008004100026040004300067041000800110082002200118100003000140245004800170264005700218300002400275336002200299337002400321338003300345504005100378546002000429650001700449650001600466653002500482856005700507EG-GICUC20260402222719.0260402s1978 -cn||||fr|||| 001 0 eng d aEG-GiCUCbengcEG-GiCUCdEG-GiCUCerda aeng04221a343.6bFE . D1 aFeldman,Saul D. eAuthor.10aDeciphering Deviance /cBy Saul D. Feldman. 1aBoston, Toronto :bLittle, Brown and Company,c1978. a449 pages ;c24 cm. 2rda contentatext 2rda mediaaComputer 2rda carrieraOnline Resource aIncludes bibliographical references and index. aText in English1 aCriminal Law1 aCriminology aDeciphering Deviance40uhttps://fll.law.cu.edu.eg/fulltext/bks/B10-08596.pdf